Poesia total /
Saved in:
| Main Author: | |
|---|---|
| Format: | Book |
| Language: | Portuguese |
| Published: |
São Paulo, SP :
Companhia das Letras,
[2014]
|
| Subjects: | |
| Tags: |
Add Tag
No Tags, Be the first to tag this record!
|
| LEADER | 01023cam a2200325 i 4500 | ||
|---|---|---|---|
| 001 | 014536655-3 | ||
| 005 | 20160121142554.0 | ||
| 008 | 140905s2014 bl a 001 p por c | ||
| 010 | |a 2014417570 | ||
| 020 | |a 9788535924008 (pbk.) | ||
| 020 | |a 8535924000 (pbk.) | ||
| 035 | 0 | |a ocn881285955 | |
| 040 | |a SBACH |b eng |e rda |c SBACH |d DLC |d ZCU |d CHVBK |d IXA | ||
| 042 | |a pcc | ||
| 050 | 0 | 0 | |a PQ9698.29.A423 |b A6 2014 |
| 100 | 1 | |a Salomão, Waly, |e author. | |
| 240 | 1 | 0 | |a Poems. |k Selections |
| 245 | 1 | 0 | |a Poesia total / |c Wwwwwwwwalyyyyyyyyyyyyy Salomão. |
| 264 | 1 | |a São Paulo, SP : |b Companhia das Letras, |c [2014] | |
| 300 | |a 549 pages : |b illustrations, ; |c 21 cm | ||
| 336 | |a text |b txt |2 rdacontent | ||
| 337 | |a unmediated |b n |2 rdamedia | ||
| 338 | |a volume |b nc |2 rdacarrier | ||
| 500 | |a Includes index. | ||
| 500 | |a Name on the title page printed with extra letters "w" and "y" to form a circle. | ||
| 650 | 7 | |a Lyrik. |2 gnd | |
| 650 | 7 | |a Portugiesisch. |2 gnd | |
| 899 | |a 415_566011 | ||
| 988 | |a 20151123 | ||
| 906 | |0 OCLC | ||


